| 000 | 00479nam a2200169Ia 4500 | ||
|---|---|---|---|
| 999 |
_c35280 _d35280 |
||
| 003 | OSt | ||
| 005 | 20201216111326.0 | ||
| 008 | 190216s9999||||xx |||||||||||||| ||und|| | ||
| 040 | _coclc | ||
| 082 |
_a947 _bTHA/R |
||
| 100 |
_aThayer, Charles W _97570 |
||
| 245 | 4 |
_aRussia / _cCharles W Thayer |
|
| 260 |
_bTime Life International, _c1968. _aNederland: |
||
| 300 | _a176p | ||
| 650 | _aWorld Library Russia | ||
| 942 |
_cREF _2ddc _h947 _iTHA/R _k947 _mTHA/R |
||